000 00999cam a2200265 a 4500
001 4295342
003 OSt
005 20230703160127.0
008 860626s1984 ke b 000 0 eng
010 _a 85981193
040 _aDLC
_cDLC
_dDLC
043 _af-za---
_af------
082 0 0 _a342.68
_bZIM
100 1 _aZimba, L. S.
_q(Lawrence S.)
245 1 4 _aThe Zambian Bill of Rights :
_ban historical and comparative study of human rights in Commonwealth Africa /
_cL.S. Zimba.
260 _aNairobi, Kenya :
_bEast African Pub. House,
_c1984.
300 _ax, 288 p. ;
_c24 cm.
500 _aOriginally presented as the author's thesis (Ph.D.--University of London, 1979) under title: The constitutional protection of fundamental rights and freedoms in Zambia.
504 _aBibliography: p. [235]-267.
650 0 _aCivil rights
_zZambia.
650 0 _aCivil rights
_zAfrica.
906 _a7
_bcbc
_corignew
_d3
_encip
_f19
_gy-gencatlg
942 _2ddc
_cBK
999 _c3484
_d3484